Srimad Bhagavatam (Record no. 35284)

MARC details
000 -LEADER
fixed length control field 00331nam a2200133Ia 4500
082 ## - DEWEY DECIMAL CLASSIFICATION NUMBER
Classification number 294.118
Item number SUB
100 ## - MAIN ENTRY--AUTHOR NAME
Personal name Subramaniam, Kamala
245 #0 - TITLE STATEMENT
Title Srimad Bhagavatam
260 ## - PUBLICATION, DISTRIBUTION, ETC. (IMPRINT)
Place of publication Bombay
Name of publisher Bharatiya Vidya Bhavan
Year of publication 1979
650 ## - SUBJECT ADDED ENTRY--TOPICAL TERM
Topical Term Bhagavatam
650 ## - SUBJECT ADDED ENTRY--TOPICAL TERM
Topical Term Hinduism
942 ## - ADDED ENTRY ELEMENTS (KOHA)
Koha item type Books
Holdings
Withdrawn status Lost status Damaged status Not for loan Home library Current library Date acquired Cost, normal purchase price Full call number Accession Number Koha item type
        RRII Library RRII Library 16/12/2021 75.00 294.118 SUB 15711 Books